Powers of 2 - Statistics

General Stats
  • This quiz has been taken 6 times
  • The average score is 15 of 15
Answer Stats
Hint Answer % Correct
0 1
100%
10 1024
100%
7 128
100%
4 16
100%
1 2
100%
11 2048
100%
8 256
100%
5 32
100%
2 4
100%
12 4096
100%
9 512
100%
6 64
100%
3 8
100%
13 8192
83%
14 16384
67%
No matching quizzes found
Score Distribution
Percent of People with Each Score
Percentile by Number Answered
Your Score History
You have not taken this quiz